|
|
|
|
| LEADER |
00000nab a2200000 a 4500 |
| 001 |
vtls009950787 |
| 003 |
SK-MaSNL |
| 005 |
20260305022050.0 |
| 008 |
090917c1996 xo r m 000 00rus |
| 015 |
|
|
|a SNBRA2009/09SVKPO
|
| 038 |
|
|
|a SVKPO
|
| 040 |
|
|
|a SVKPOCL
|c slo
|e AACR2
|
| 041 |
0 |
|
|a rus
|
| 044 |
|
|
|a xo
|c SK
|
| 080 |
|
|
|a 82.0:929:821.161.1
|2 2001
|
| 080 |
|
|
|a 821.161.1-051
|2 2001
|
| 080 |
|
|
|a 821.161.1
|2 2001
|
| 080 |
|
|
|a 929 Bulgakov, Michail Afanasjevič
|2 2001
|
| 080 |
|
|
|a 929 Zamjatin, Jevgenij Ivanovič
|2 2001
|
| 100 |
1 |
|
|a Sisák, Miron,
|d 1935-2018
|4 aut
|9 185476
|
| 245 |
1 |
0 |
|a Michail Afanasievič Bulgakov e Jevgenij Ivanovič Zamjatin
|c Miron Sisak
|
| 504 |
|
|
|a Bibliogr. odkazy
|
| 546 |
|
|
|a Res. angl.
|
| 600 |
1 |
7 |
|a Bulgakov, Michail Afanasievič,
|d 1891-1940
|2 svkpocl
|9 121214
|
| 600 |
1 |
7 |
|a Zamjatin, Jevgenij Ivanovič,
|d 1884-1937
|2 svkpocl
|9 135547
|
| 650 |
0 |
7 |
|a ruská literatúra
|2 svkpocl
|9 1204
|
| 650 |
0 |
7 |
|a ruskí spisovatelia
|2 svkpocl
|9 3768
|
| 650 |
0 |
7 |
|a literárna veda
|2 svkpocl
|9 1137
|
| 773 |
0 |
|
|t Studia Philologica. Rossica slovaca V. Annus IV
|d Prešov : Pedagogická fakulta UPJŠ, 1996
|g S. 197-202
|z 8088697379
|
| 852 |
|
|
|a SVKPO
|b KIS3GCP
|
| 958 |
|
|
|a SK
|
| 958 |
|
|
|a NB
|
| 958 |
|
|
|a LX
|
| 999 |
|
|
|c 3288921
|d 3290851
|